Statistics for Famous Ships Quiz

Click here to take the quiz!

General Stats

  • This quiz has been taken 20,920 times
    (7,901 since last reset)
  • The average score is 13 of 24

Answer Stats

Description Ship % Correct
"Unsinkable" ship that sank
in 1912
RMS Titanic
99%
Biblical zoo shipNoah's Ark
87%
Columbus's three ships from his first voyageSanta Maria
77%
Captain Kirk's shipUSS Enterprise
76%
Legendary ghost ship doomed to
sail the ocean forever
Flying {Dutchman}
75%
Landed on Plymouth Rock, 1620Mayflower
72%
Han Solo's shipMillennium Falcon
70%
Columbus's three ships from his first voyagePinta
69%
Columbus's three ships from
his first voyage
Niña
67%
Jack Sparrow's shipBlack Pearl
64%
Jason's shipArgo
60%
Ship whose crew mutinied againt
Captain Bligh
HMS Bounty
56%
Darwin's shipHMS Beagle
53%
Battleship sunk at Pearl Harbor,
now a museum
USS Arizona
46%
Spilled oil in Prince William Sound, 1989Exxon Valdez
44%
Captain Nemo's shipNautilus
44%
Blackbeard's shipQueen Anne's
{Revenge}
39%
"Old Ironsides" ship harbored in BostonUSS Constitution
32%
"Gilligan's Island" boatSS Minnow
30%
Gordon Lightfoot wrote a song about this
ship that sank in Lake Superior
SS Edmund
Fitzgerald
28%
Ship from a Gilbert and Sullivan musicalHMS Pinafore
28%
Sank in 1898, precipitating the
Spanish-American war
USS Maine
26%
Nelson's flagship at TrafalgarHMS Victory
25%
Jacques Cousteau's shipCalypso
19%

Score Distribution

Percentile by Number Answered

Percent of People with Each Score

Your Score History

You have not taken this quiz since the last reset